Errate den Songtext ohne das Lied zu kennen #11 - Statistiken

Allgemein
  • Dieses Quiz wurde 743 mal gespielt
  • Das Durchschnittsergebnis liegt bei 125 aus 292
Antwortstatistiken
Antwort % Korrekt
I
100%
a
94%
you
91%
You
91%
the
80%
we
78%
When
76%
love
74%
be
72%
to
72%
and
67%
And
67%
me
67%
It
66%
it
66%
is
65%
No,
62%
go
61%
want
61%
my
60%
will
60%
your
59%
on
58%
don't
52%
Don't
52%
in
51%
then
48%
all
45%
All
45%
know
45%
not
44%
This
43%
this
43%
like
39%
wanna
37%
there
36%
time
36%
It's
33%
I'm
32%
say
31%
But
30%
You're
29%
heart
28%
get
27%
Just
27%
our
27%
about
26%
end
26%
baby,
25%
them
24%
way
24%
care
22%
rain
21%
'Cause
20%
got
20%
goodbye
19%
I'll
19%
oh,
18%
oh
18%
down
17%
hand
17%
both
15%
loved
15%
fire
14%
again
13%
walk
12%
find
11%
friend
11%
meet
11%
stars
10%
through
9%
Until
9%
lose
8%
pain
8%
closer
7%
stuck
7%
tattoo
7%
angels
6%
cool
5%
crying
5%
playing
5%
align
4%
taking
4%
hair
3%
Violins
3%
letting
2%
Keine übereinstimmenden Quizze gefunden
Verteilung der Resultate
Anzahl Personen mit jedem Resultat
Perzentil nach korrekt beantworteten Fragen
Ihre Resultats-Entwicklung
Sie haben dieses Quiz noch nicht gespielt